000 01148nam a2200289 c 4500
003 BLK
005 20180422112218.0
008 180409b bul|||||r ||||||| ||bul||
010 _aKNG00145562000
040 _aBLK
041 _aBUL
_cBUL
080 _aБългарска литература
_b821.163.2
_x-93-1
_z821.163.2-93-1
100 1 _aЕвтимов, Евтим Михалушев
_eпърви автор
_9365147
700 1 _aПарпулова, Мана
_eнарис.
_9376686
139 _aЕвтимов, Евтим Михалушев
_bЕ 22
245 1 0 _aЩъркели на юг летяха
_bСтихове за деца
_cЕвтим Михалушев Евтимов; нарис. Мана Парпулова.
257 _aBGR
260 София
_bБълг. писател
_c1973
300 _a63 с.
_bс ил.
_c21 см
380 _aDX
500 _a5 100 тир.
852 _aЦб 260748
856 4 _qpdf
_u
856 4 _qpdf
_u
942 _cKNG
_n0
944 _aCR
_c11.07.2013
_l11.07.2013 - от С1,Р / 11.07.2013
_kЕлиза_Атанасова
944 _aED
_c11.09.2017
_l11.07.2013 - от С1,Р / 11.07.2013
_kПенка_Димитрова
999 _c139515
_d139515